Sufism and the Islamic Tradition (Record no. 9860)

MARC details
000 -LEADER
fixed length control field 00697nam a2200265 a 4500
020 ## - INTERNATIONAL STANDARD BOOK NUMBER
ISBN
082 00 - DEWEY DECIMAL CLASSIFICATION NUMBER
Classification number 297.4
Author Cutter FRY
100 ## - MAIN ENTRY--AUTHOR NAME
Author name Fry, D B
245 ## - TITLE STATEMENT
Title Sufism and the Islamic Tradition
Sub title the Lamhat and Sataat of Shah Waliullah
260 ## - PUBLICATION, DISTRIBUTION, ETC. (IMPRINT)
Place of publication London
Name of publisher Octagon Press
Year of publication 1980
300 ## - PHYSICAL DESCRIPTION
Number of Pages 127p
500 ## - GENERAL NOTE
General note includes index and biblioraphy
505 2# - FORMATTED CONTENTS NOTE
Formatted contents note Glossary, Index
650 ## - SUBJECT ADDED ENTRY--TOPICAL TERM
Topical Term Sufism-Shah Waliullah
650 ## - SUBJECT ADDED ENTRY--TOPICAL TERM
Topical Term Lamhat and Sataat-Shah Waliullah
650 ## - SUBJECT ADDED ENTRY--TOPICAL TERM
Topical Term Shah Waliullah
942 ## - ADDED ENTRY ELEMENTS (KOHA)
Koha item type Books
700 1# -
-- Fry, D B
Holdings
Collection code Home library Current library Date acquired Cost, normal purchase price Full call number Accession Number Koha item type
  Henry Martyn Institute Library Henry Martyn Institute Library 09/07/2007 660.00 297.4 FRY 017371 Books
                   Copyright © 2026 | Henry Martyn Institute | Hyderabad | TS-500052 | INDIA | Implemented by hmi.edu.in
Hit-Count:

Powered by Koha